Handbook of residual stress and deformation of steel (Record no. 60869)
[ view plain ]
| 000 -LEADER | |
|---|---|
| fixed length control field | 01297nam a2200325Ia 4500 |
| 245 00 - TITLE STATEMENT | |
| Title | Handbook of residual stress and deformation of steel |
| 260 ## - PUBLICATION, DISTRIBUTION, ETC. (IMPRINT) | |
| Place of publication | Materials Park, OH : |
| Name of publisher | ASM International, |
| Year of publication | c2002. |
| 300 ## - PHYSICAL DESCRIPTION | |
| Number of Pages | vii, 499 p. : |
| Other physical details | ill. |
| 650 #0 - SUBJECT ADDED ENTRY--TOPICAL TERM | |
| Topical Term | Steel |
| Topical Term | Residual stresses |
| 700 1# - ADDED ENTRY--PERSONAL NAME | |
| Personal name | Totten, George E. |
| Personal name | Howes, Maurice A. H. |
| Personal name | Inoue, Tatsuo, |
| 856 40 - ELECTRONIC LOCATION AND ACCESS | |
| Uniform Resource Identifier | http://site.ebrary.com/lib/rucke/Doc?id=10320370 |
No items available.
